| 000 | 00513nam a2200193Ia 4500 | ||
|---|---|---|---|
| 008 | 170918s9999 xx 000 0 und d | ||
| 020 | _a1904271057 | ||
| 050 | _bS527fi 1960 | ||
| 100 | _aShakespeare, William | ||
| 245 | 4 | _aThe first part of King Henry IV / | |
| 245 | _cby William Shakespeare ; edited by A. R. Humphreys. | ||
| 260 | _aCroatia : | ||
| 260 | _bThomson, | ||
| 260 | _c1960 | ||
| 300 | _a203 pages : | ||
| 300 | _billustrations ; | ||
| 300 | _c20cm. | ||
| 300 | _eThe Arden Shakespeare. | ||
| 999 |
_c343974 _d343974 |
||